000 00363nam a22001577a 4500
003 MACL
005 20151121144916.0
008 151121b xxu||||| |||| 00| 0 eng d
040 _cMACL
041 _aEnglish
082 _a700/VER
100 _aVerma,Som Prakash
_917773
245 _aInterpreting Mughal Painting
650 _aArts
_917774
942 _2ddc
_cBK
999 _c50840
_d50840